00476nam a2200169Ia 450000500170000000800410001702000150005808200130007310000160008624500130010226000400011530000140015565000210016994200060019095200950019699900150029120250701032605.0240331s9999 xx 000 0 und d a9559533010 bWIYa800 aWiyangoda,G 0aEva luna aColombobS. Godage & brothersc1994 a359 p ., aTranslation book cL 001040708LaWERCLbWERCLcSSCd2024-03-31l0o 800 WIYp5226r2024-03-31w2024-03-31yL c5158d5158